000 00941cas a2200325 a 4500
005 20260322212032.0
008 data
010 _asn 98038090
012 _a-3-7-0111300578-p-9804 a
022 0 _a1530-8251
037 _bSt. Martin's Press, 175 Fifth Ave., New York, NY 10010
040 _aIC
_cIC
_dInU
_dDLC
_dNSDP
_dDLC
_dInU
_dOCoLC
_dInU
042 _ansdp
_ansdp
043 _amm-----
_amm-----
050 0 0 _aD909
_b.H38
082 1 0 _a914
_213
092 _a914.04 E892 2004
210 0 _aLet's go, Eur.
222 0 _aLet's go. Europe.
245 1 0 _aLet's go.
_pEurope /
250 _a2004
260 _aNew York :
_bSt. Martin's Press,
_cc1998-
300 _av. :
_bmaps (some col.) ;
_c21 cm.
310 _aAnnual
362 0 _a1998-
651 0 _aEurope
_vGuidebooks.
651 0 _aMediterranean Region
_vGuidebooks.
780 0 0 _tLet's go. Budget guide to Europe
_x0163-4585
_w(DLC) 89646570
_w(DLC) 89646570
001 data
999 _c739
_d739